000 02690 ab a2200805 4500
003 AR-RoUNA
005 20260605101714.0
008 140529c1994||||sp|ade|f |001 0bspa d
022 _a02125683
040 _aAR-RoUNA
_bspa
041 1 _aspa
_aeng
080 _a72.036
092 _sHeme
_c72.036
_lA552
245 0 0 _a Tadao Ando :
_b 1983-1989 /
_ceditores y directores: Richard Levene y Fernando Márquez Cecilia
246 3 2 _aEl Croquis
_nnº 44
260 _aMadrid, España :
_bEl Croquis Editorial,
_c1992
300 _a204 p. :
_bil.
_c33 cm.
440 3 _aEl Croquis
_xISSN 02125683
_93875
505 0 _tÍNDICE
505 0 _tTadao Ando:1983 / 1990 p.4
505 0 _tTadao Ando / Composición Espacial y Naturaleza p.5
505 0 _t20 Obras y Proyectos
505 0 _tCaracterísticas Inherentes p.21
505 0 _aCasa Koshino
505 0 _aVivienda Rokko I
505 0 _aVivienda Rokko II
505 0 _aTime´s I y II
505 0 _aMuseo de los Niños
505 0 _tNaturaleza hecha Abstracción p.67
505 0 _aCapilla en el Monte Rokko
505 0 _aIglesia sobre el Agua
505 0 _aTeatro sobre el Agua
505 0 _aIglesia de la Luz
505 0 _tNaturaleza Encerrada p.107
505 0 _aCasa Kidosaki
505 0 _aCasa I
505 0 _tNaturaleza que ha sido Filtrada p.135
505 0 _aCasa Bloques de Vidrio
505 0 _aPabellón principal parala Feria Tennoji
505 0 _tNaturaleza que Invade p.147
505 0 _aProyecto Shibuya
505 0 _aTaller de Yoshie Inaba
505 0 _aGalería Akka
505 0 _tNaturaleza que Flota p.167
505 0 _aSalón Conmemorativo Natsukawa
505 0 _aEdificio Sede de Raika
505 0 _tEspacios y Tiempos superpuestos p.177
505 0 _aProyecto Nakanoshima Urbam Egg
505 0 _aProyecto Nakanoshima Space Strata
505 0 _tCRÍTICA
505 0 _aJosé L. González / La arquitectura sin Velos p.7
505 0 _aAlain Bretagnolle / El mensaje intemporal de la Naturaleza p.186
505 0 _aFrederic Schoeller / Luz Cursiva
600 0 _aAndo, Tadao
_d1941-
_96196
648 4 _a1983-1992
_96197
650 4 _aArquitectura contemporanea
_9431
650 4 _aBiografias
_9257
650 4 _aArquitectos japoneses
_96198
650 4 _aViviendas unifamiliares
_9926
650 4 _aCentros comunitarios
_91317
650 4 _aCentros Culturales
_91558
650 4 _aCapillas
_91705
650 4 _aMuseos
_91136
773 0 _aEl Croquis
_dMadrid, España
_gnº 44
_x02125683
908 _aImp
930 _cvol. 44
_e12332
942 _2udc
_cART
945 _aMIA
_d2026-04-08
980 _61
_aMaricel Allasia
_81
_gMaricel Allasia
999 _c12456
_d12456